Neurology For The Space Language Pathologist (Record no. 9980)

MARC details
000 -LEADER
fixed length control field 00305nam a2200133Ia 4500
008 - FIXED-LENGTH DATA ELEMENTS--GENERAL INFORMATION
fixed length control field 220613s9999||||xx |||||||||||||| ||und||
100 ## - MAIN ENTRY--PERSONAL NAME
Author Name Wonda G Wabb
245 #0 - TITLE STATEMENT
Title Neurology For The Space Language Pathologist
250 ## - EDITION STATEMENT
Edition 5th(2008)
260 ## - PUBLICATION, DISTRIBUTION, ETC. (IMPRINT)
Name of publisher Mosby
300 ## - PHYSICAL DESCRIPTION
Page No 311
650 ## - SUBJECT ADDED ENTRY--TOPICAL TERM
Subject ENT
942 ## - ADDED ENTRY ELEMENTS (KOHA)
Koha item type Surgery
Holdings
Withdrawn status Lost status Damaged status Not for loan Home library Current library Date acquired Total Checkouts Barcode Date last seen Date checked out Koha item type Checked out
        SRHU Library System SRHU Library System 17/04/2023 6 CL0016355 05/02/2026 02/02/2026 Surgery  
        SRHU Library System SRHU Library System 18/05/2023 16 CL0016356 07/04/2026 07/04/2026 Surgery 25/04/2026
Designed & Maintained by: SRHU Library System
Central Library, Contact: